Statystyki dla Jakie kraje uczestniczyły w WW2

Kliknij tutaj aby rozwiązać quiz!

Ogólne statystyki

  • Ten quiz został rozwiązany 572 razy
  • Średni wynik to 7 z 10

Statystyki odpowiedzi

HintOdpowiedź% Poprawnych
NA NNIEMCY
96%
NA PPOLSKA
93%
NA FFRANCJA
89%
NA JJAPONIA
86%
NA WWIELKA BRYTANIA
85%
NA WWŁOCHY
78%
NA KKANADA
51%
NA ZZWIAZĘK RADZIECKI
51%
NA AAUSTRALIA
29%
NA NNOWA ZELANDIA
19%

Rozkład punktacji

Percentyl według liczby udzielonych odpowiedzi

Procent ludzi z każdym wynikiem

Twoja historia wyników

Nie rozwiązałeś tego quizu